| 000 | 00715nam a22002177a 4500 | ||
|---|---|---|---|
| 999 |
_c7843 _d7843 |
||
| 003 | AR-CdUCM | ||
| 008 | 190321b ||||| |||| 00| 0 spa d | ||
| 020 | _a968-422-927-5 | ||
| 040 |
_aMUNICIPALIDAD PROVINCIAL DEL CUSCO _cBIBLIOTECA MUNICIPAL DEL CUSCO |
||
| 082 |
_a530.07 / _bV25 |
||
| 100 |
_aVan Der Merwe, Carel W. _922180 |
||
| 245 | _aFísica general / | ||
| 260 |
_aMéxico : _bMcgraw-Hill, _c1993. |
||
| 300 |
_a276 páginas ; _bIlustraciones, _c21 cm. |
||
| 505 | _aMecánica -- Electricidad y magnetismo -- Óptica -- Física atómica y nuclear ... | ||
| 650 |
_aFísica _92382 |
||
| 650 |
_aProblemas y ejercicios _919781 |
||
| 700 |
_aSchaum, Daniel _922181 |
||
| 942 |
_2ddc _cLIBROS |
||
| 945 | _aacv | ||